|
|
|
|
| LEADER |
01389nam a2200289 u 4500 |
| 001 |
10024608 |
| 003 |
upatras |
| 005 |
20211229113503.0 |
| 008 |
951204s1971 us eng |
| 952 |
|
|
|0 0
|1 0
|4 0
|6 621_381500000000000_OLI
|7 0
|9 193853
|a PHYS
|b PHYS
|d 2016-04-24
|i 00290
|l 0
|o 621.3815 OLI
|p 025000022647
|r 2016-04-24 00:00:00
|t 1
|w 2016-04-24
|y BK15
|
| 952 |
|
|
|0 0
|1 0
|4 0
|6 621_381500000000000_OLI
|7 0
|9 193854
|a PHYS
|b PHYS
|d 2016-04-24
|i 02660
|l 0
|o 621.3815 OLI
|p 025000022643
|r 2016-04-24 00:00:00
|t 2
|w 2016-04-24
|y BK15
|
| 999 |
|
|
|c 118870
|d 118870
|
| 040 |
|
|
|a GR-PaULI
|c GR-PaULI
|
| 041 |
0 |
|
|a eng
|
| 050 |
|
4 |
|a 71-124141
|
| 245 |
0 |
0 |
|a Electronic measurements and instrumentation /
|c edited by Bernard M. Oliver, John M. Cage.
|
| 260 |
|
|
|a New York :
|b McGraw - Hill,
|c 1971.
|
| 300 |
|
|
|a xviii, 729 σ. :
|b εικ. ;
|c 24 εκ.
|
| 490 |
0 |
|
|a Inter-University electronics series ;
|v Vol. 12
|
| 504 |
|
|
|a Περιλαμβάνει βιβλιογραφικές παραπομπές και ευρετήριο.
|
| 650 |
|
4 |
|a Ηλεκτρονικά
|9 1772
|
| 700 |
1 |
|
|a Cage, John M.
|9 104435
|
| 700 |
1 |
|
|a Oliver, Bernard M.
|9 150836
|
| 760 |
1 |
|
|a Inter-University electronics series
|g Vol.12
|
| 852 |
|
|
|a GR-PaULI
|b ΠΑΤΡΑ
|b ΦΥΣΙΚΟ
|k ΑΕΧ-1
|h 621.3815 OLI
|m 00290
|p 025000022647
|t 1
|
| 852 |
|
|
|a GR-PaULI
|b ΠΑΤΡΑ
|b ΦΥΣΙΚΟ
|k ΑΕΧ-1
|h 621.3815 OLI
|m 02660
|p 025000022643
|t 2
|
| 942 |
|
|
|2 ddc
|c BK15
|